Welcome to WEB OPAC of MRSPTU Central Library

Harbour Dock & Tunnel Engineering  (Record no. 3788)

MARC details
000 -LEADER
fixed length control field 00380nam a2200145Ia 4500
008 - FIXED-LENGTH DATA ELEMENTS--GENERAL INFORMATION
fixed length control field 230711s9999||||xx |||||||||||||| ||und||
041 ## - LANGUAGE CODE
Language code of text/sound track or separate title ENG
082 ## - DEWEY DECIMAL CLASSIFICATION NUMBER
Classification number 624
Item number SR-H
100 ## - MAIN ENTRY--PERSONAL NAME
Personal name Srinivasan R
245 #0 - TITLE STATEMENT
Title Harbour Dock & Tunnel Engineering 
250 ## - EDITION STATEMENT
Edition statement 16th . Ed.
260 ## - PUBLICATION, DISTRIBUTION, ETC.
Date of publication, distribution, etc. 1999
Place of publication, distribution, etc. New Delhi
Name of publisher, distributor, etc. Charotar Publishing House PVT.LTD
650 ## - SUBJECT ADDED ENTRY--TOPICAL TERM
Topical term or geographic name entry element Civil Engineering
942 ## - ADDED ENTRY ELEMENTS (KOHA)
Koha item type Book
Holdings
Withdrawn status Lost status Damaged status Not for loan Collection Home library Current library Date acquired Total checkouts Full call number Barcode Date due Date last seen Date last checked out Price effective from Koha item type
          MRSPTU Central Library MRSPTU Central Library   4 624 SR-H 12847 04/30/2026 04/09/2026 04/09/2026 08/17/2023 Book
          MRSPTU Central Library MRSPTU Central Library     624 SR-H 12848   08/17/2023   08/17/2023 Book

Website Designed and Developed by MRSPTU Central Library Team

E-mail Id: librarian@mrsptu.ac.in